DAAAM International Scientific Book 2016 /
Salvato in:
| Altri autori: | |
|---|---|
| Natura: | Libro |
| Pubblicazione: |
Vienna :
DAAAM International,
2016
|
| Edizione: | 1. vyd. |
| Tags: |
Nessun Tag, puoi essere il primo ad aggiungerne!!
|
MARC
| LEADER | 00000nam a22000003a 4500 | ||
|---|---|---|---|
| 001 | 0018689 | ||
| 003 | SK-STU | ||
| 005 | 20161116130809.7 | ||
| 007 | ta | ||
| 008 | 161116s ----xo-----e------000-0-----d | ||
| 020 | |a 978-3-902734-09-9 | ||
| 022 | |a 1726-9687 | ||
| 040 | |a STU |b slo | ||
| 044 | |a au | ||
| 245 | 1 | 0 | |a DAAAM International Scientific Book 2016 / |c ed. Branko Katalinič |
| 250 | |a 1. vyd. | ||
| 260 | |a Vienna : |b DAAAM International, |c 2016 | ||
| 700 | 1 | |a Katalinič, Branko |4 edt | |
| 996 | |b 284M087062 |c M* Z-4361 |l MMKN |s A |a 24 |w 0018689_0001 | ||